Atlas de historia de Chile
Saved in:
| Hovedforfatter: | |
|---|---|
| Format: | Bog |
| Sprog: | spansk |
| Udgivet: |
Santiago, Chile
Universitaria
2003
|
| Udgivelse: | Décima edición |
| Serier: | Imagen de Chile
|
| Fag: | |
| Tags: |
Tilføj Tag
Ingen Tags, Vær først til at tagge denne postø!
|
MARC
| LEADER | 00000cam a2200000 a 4500 | ||
|---|---|---|---|
| 001 | UCL8829 | ||
| 003 | CL-VaPUC | ||
| 005 | 20230125074237.0 | ||
| 008 | 040709e20030000CL |||||||||||||||||spa|d | ||
| 999 | |c 309935 |d 309933 | ||
| 020 | |a 9561117761 | ||
| 040 | |c Pontificia Universidad Católica de Valparaíso | ||
| 082 | 0 | 4 | |a 911.83 SIL 2003 |2 21 |
| 100 | 0 | |a Silva Galdames, Osvaldo |e author |9 486768 | |
| 245 | 1 | 0 | |a Atlas de historia de Chile |
| 250 | |a Décima edición | ||
| 260 | |a Santiago, Chile |b Universitaria |c 2003 | ||
| 300 | |a 108 páginas | ||
| 490 | 0 | |a Imagen de Chile | |
| 583 | |a last modification |c 20130624 04:46:13 |k Rodrigo Vera | ||
| 650 | 0 | |a Historia de Chile |9 265473 | |
| 650 | 7 | |a DESCUBRIMIENTO Y CONQUISTA |2 CL-VaPUC |9 268482 |z CHILE | |
| 650 | 0 | |a Geografía de Chile |9 268295 | |
| 650 | 0 | |a Mapas |z CHILE |9 260844 | |
| 852 | |a BIBCUR | ||
| 942 | |c BK |2 ddc | ||
| 945 | |d 20040709 00:00:00 |a cmena | ||
| 952 | |0 0 |1 0 |2 ddc |4 0 |6 911_830000000000000_SIL_2003 |7 0 |8 X |9 377803 |a BIBHIS |b BIBHIS |d 2019-11-21 |i 4034910 |o 911.83 SIL 2003 |p 4034910 |r 2024-01-30 |t 1 |w 2019-11-21 |y BK_X |k HIS | ||